00930 2200217 4500001002100000005001500021035002000036007000300056008004100059020002000100082001000120084001600130100002200146245006200168250002600230260003200256300004700288650001500335520034600350990001600696INLIS00000000000012220220620123516 a0010-0622000043ta220620 b 0 ind  a978-602232673-1 a372.7 a372.7 RIK m0 aRika Setyaningsih1 aMatematika 2 :buntuk SD/MI Kelas II /cRika Setyaningsih aKurikulum 2013 Revisi aSidoarjo :bMasmedia,c2019 a181 halaman :bilustrasi berwarna ;c27 cm 4aMatematika aPembelajaran pada Sekolah Dasar/Madrasah Ibtidaiyah (SD/MI) dilakukan dengan pendekatan tematik terpadu. Akan tetapi, pelajaran Matematika merupakan mata pelajaran yang berdiri sendiri untuk kelas IV, V, dan VI sesuai dengan ketentuan Permendikbud No. 24 Tahun 2016 tentang Kompetensi Inti dan Kompetensi Dasar Pelajaran pada Kurikulum 2013. a00000000182